| 000 -LEADER |
| fixed length control field |
01556cam a22003258i 4500 |
| 001 - CONTROL NUMBER |
| control field |
20659285 |
| 005 - DATE AND TIME OF LATEST TRANSACTION |
| control field |
20221120124243.0 |
| 008 - FIXED-LENGTH DATA ELEMENTS--GENERAL INFORMATION |
| fixed length control field |
180906s2019 enk b 001 0 eng |
| 010 ## - LIBRARY OF CONGRESS CONTROL NUMBER |
| LC control number |
2018042533 |
| 020 ## - INTERNATIONAL STANDARD BOOK NUMBER |
| International Standard Book Number |
9781108417488 (hardback : alk. paper) |
| 020 ## - INTERNATIONAL STANDARD BOOK NUMBER |
| International Standard Book Number |
9781108405362 (paperback : alk. paper) |
| 040 ## - CATALOGING SOURCE |
| Original cataloging agency |
DLC |
| Language of cataloging |
eng |
| Description conventions |
rda |
| Transcribing agency |
DLC |
| 042 ## - AUTHENTICATION CODE |
| Authentication code |
pcc |
| 050 00 - LIBRARY OF CONGRESS CALL NUMBER |
| Classification number |
JC571 |
| Item number |
.H347657 2019 |
| 082 00 - DEWEY DECIMAL CLASSIFICATION NUMBER |
| Classification number |
341.481 |
| Author Mark |
HAN |
| 100 1# - MAIN ENTRY--PERSONAL NAME |
| Personal name |
Hannum, Hurst, |
| Relator term |
author. |
| 9 (RLIN) |
103184 |
| 245 10 - TITLE STATEMENT |
| Title |
Rescuing human rights : |
| Remainder of title |
a radically moderate approach / |
| Statement of responsibility, etc. |
Hurst Hannum, Tufts University, Massachusetts. |
| 263 ## - PROJECTED PUBLICATION DATE |
| Projected publication date |
1905 |
| 264 #1 - PRODUCTION, PUBLICATION, DISTRIBUTION, MANUFACTURE, AND COPYRIGHT NOTICE |
| Place of production, publication, distribution, manufacture |
Cambridge, United Kingdom ; |
| -- |
New York, NY, USA : |
| Name of producer, publisher, distributor, manufacturer |
Cambridge University Press, |
| Date of production, publication, distribution, manufacture, or copyright notice |
2019. |
| 300 ## - PHYSICAL DESCRIPTION |
| Extent |
223 p. ; |
| Dimensions |
23 cm. |
| 337 ## - MEDIA TYPE |
| Media type code |
n |
| 504 ## - BIBLIOGRAPHY, ETC. NOTE |
| Bibliography, etc. note |
Includes bibliographical references and index. |
| 505 0# - FORMATTED CONTENTS NOTE |
| Formatted contents note |
Crime and (occasional) punishment -- The importance of government, for better or worse -- Human rights and... whatever -- Undermining old rights with new ones: you can't always get what you want -- Women, sex, and gender -- The flexibility of human rights norms : universality is not uniformity -- Human rights hawks -- The indispensable state? : the United States and human rights -- The way forward : less is more. |
| 650 #0 - SUBJECT ADDED ENTRY--TOPICAL TERM |
| Topical term or geographic name entry element |
Human rights. |
| 650 #0 - SUBJECT ADDED ENTRY--TOPICAL TERM |
| Topical term or geographic name entry element |
Human rights |
| General subdivision |
Government policy. |
| 9 (RLIN) |
103185 |
| 650 #0 - SUBJECT ADDED ENTRY--TOPICAL TERM |
| Topical term or geographic name entry element |
Human rights |
| General subdivision |
International cooperation. |
| 9 (RLIN) |
103186 |
| 906 ## - LOCAL DATA ELEMENT F, LDF (RLIN) |
| a |
7 |
| b |
cbc |
| c |
orignew |
| d |
1 |
| e |
ecip |
| f |
20 |
| g |
y-gencatlg |
| 942 ## - ADDED ENTRY ELEMENTS (KOHA) |
| Source of classification or shelving scheme |
|
| Koha item type |
Book |